Бивше заставе - Statistics

General Stats
  • This quiz has been taken 138 times
  • The average score is 9 of 16
Answer Stats
Picture Hint Answer % Correct
(1777–1795) Сједињене Државе
90%
(1923–1991) Совјетски Савез
88%
(1882–1910) Кореја
83%
(1889–1912) Кина
79%
(1959–1990) Источна Немачка
78%
(1971–1972) Бангладеш
70%
(1836–1846) Тексас
59%
(1211–?) Француска
55%
(1977–2011) Либија
54%
(1941–1974) Етиопија
47%
(1868–1921) Канада
43%
(1928–1994) Јужна Африка
39%
(1430–1806) Свето римско царство
37%
(1496–?) Шпанија
32%
(1916–1951) Тибет
31%
(1855–1893) Тајланд
27%
No matching quizzes found
Score Distribution
Percent of People with Each Score
Percentile by Number Answered
Your Score History
You have not taken this quiz